ბათუმის შოთა რუსთაველის სახელმწიფო უნივერსიტეტის ბიბლიოთეკა

აკადემიკოსი თეოფანე დავითაია / (ბიბ.ჩანაწერი № 37782)

000 -ლიდერი
ფიქსირებული სიგრძის საკონტროლო ველი 00824nam a2200217Ia 4500
001 - საკონტროლო ნომერი
საკონტროლო ველი 3759
003 - საკონტროლო ნომრის იდენტიფიკატორი
საკონტროლო ველი GE_BSU
005 - ბოლო ოპერაციის თარიღი და დრო
საკონტროლო ველი 20190806164317.0
008 - ფიქსირებული სიგრძის მონაცემთა ელემენტები - ზოგადი ინფორმაცია
ფიქსირებული სიგრძის საკონტროლო ველი 181216s1987||||ge |||||||||||||| ||geo||
040 ## - კატალოგიზაციის წყარო
Transcribing agency GE_BSU
041 ## - ენის კოდი
Language code of text/sound track or separate title geo
080 ## - უნივერსალური ათობითი კლასიფიკაციის ინდექსი
Universal Decimal Classification number 001 მ–48
100 ## - მთავარი ჩანაწერი - პიროვნების სახელი
Personal name მედვედევი, ი.
9 (RLIN) 3425
245 ## - ცნობა სათაურის შესახებ
Title აკადემიკოსი თეოფანე დავითაია /
Statement of responsibility, etc რედ. დ. სალუქვაძე.
264 ## - წარმოების, გამოცემის, დისტრიბუციის და სხვა ცნობები
გამოცემის, წარმოების, დისტრიბუციის... ადგილი თბილისი :
გამოცემის, წარმოების, დისტრიბუციის... სახელწოდება განათლება,
გამოცემის, წარმოების, დისტრიბუციის... თარიღი 1987.
300 ## - ფიზიკური აღწერა
Extent 90 გვ.
Other physical details 21 სმ.
600 ## - SUBJECT ADDED ENTRY--PERSONAL NAME
Personal name დავითაია თეოფანე
9 (RLIN) 3426
653 ## - INDEX TERM--UNCONTROLLED
Uncontrolled term ქართველი გეოფიზიკოსები
700 ## - ADDED ENTRY--PERSONAL NAME
Personal name სალუქვაძე, დ.
Relator term რედაქტორი
9 (RLIN) 3427
942 ## - ADDED ENTRY ELEMENTS (KOHA)
Koha item type წიგნი
Source of classification or shelving scheme
ეგზემპლარები
ჩამოწერის სტატუსი დაკარგული ეგზემპლარის სტატუსი კლასიფიკაციის წყარო ან თაროზე გაწყობის სქემა დაზიანების სტატუსი არ გაიცემა მუდმივი მდებარეობა (დაცვის ადგილი) ამჟამინდელი ადგილსამყოფელი შეძენის თარიღი ღირებულება, შესყიდვის ნორმალური ფასი სრული შენახვის შიფრი შტრიხკოდი ბოლო ოპერაციის თარიღი ეგზემპლარის მიმდევრობითი ნომერი (კეტერი?) ფასის ძალაში შესვლის თარიღი ეგზემპლარის სახეობა საჯარო შენიშვნა
          ბათუმის შოთა რუსთაველის სახელმწიფო უნივერსიტეტის მთავარი ბიბლიოთეკა ბათუმის შოთა რუსთაველის სახელმწიფო უნივერსიტეტის მთავარი ბიბლიოთეკა 2018-12-17 0.70 001 მ–48 5321 2018-12-17 5321 2018-12-17 წიგნი 0.70 თ.